|
|
|
|
| LEADER |
00000nab a2200000 a 4500 |
| 001 |
vtls000589224 |
| 003 |
SK-MaSNL |
| 005 |
20260304101954.0 |
| 008 |
250425c1996 xo 0 slo |
| 015 |
|
|
|a SNBRB19rr/mm-uuuuu
|
| 035 |
|
|
|a CL0589363
|
| 035 |
|
|
|a urn:nbn:sk:snk-abfan
|
| 035 |
|
|
|a (urnnbn)urn:nbn:sk:snk:ar-002q9k
|
| 035 |
|
|
|a (uuid)79b8126d-f544-454c-abf9-d379321925c2
|
| 040 |
|
|
|a SNKBUCL
|b slo
|c SNKBUCL
|e AACR2
|
| 041 |
0 |
|
|a hun
|
| 044 |
|
|
|a xo
|c SK
|
| 080 |
|
|
|a 82.09:894.511
|2 1981
|
| 080 |
|
|
|a 894.511.09
|2 1981
|
| 100 |
1 |
|
|a Farkas, Zsolt
|4 aut
|9 12617
|
| 245 |
1 |
3 |
|a Az "alak" Kukorellynél
|b (kiadónk gondozásában megjelenő Kukorelly-monográfia részlete)
|c Zsolt Farkas ; Illusztr. József Tihanyi
|
| 300 |
|
|
|b Obr. 2, lit. 61 zázn. v maď.
|
| 600 |
1 |
7 |
|a Kukorelly, Endre,
|d 1951-
|2 snkbucl
|9 191689
|
| 655 |
|
7 |
|a články z novín a časopisov
|2 snkbucl
|9 267496
|
| 655 |
|
7 |
|a články z odboru literárna veda a krásna literatúra
|2 snkbucl
|9 770045
|
| 700 |
1 |
|
|a Tihanyi, Jozef,
|d 1950-
|4 ill
|9 251703
|
| 773 |
0 |
|
|t Kalligram
|g Č. 6 (1996), s. 19-36
|
| 850 |
|
|
|a Slovenská národná knižnica
|
| 852 |
|
|
|a Slovenská národná knižnica
|
| 958 |
|
|
|a article27
|
| 958 |
|
|
|a OND
|
| 958 |
|
|
|a NB
|
| 958 |
|
|
|a RK
|
| 958 |
|
|
|a HU
|
| 958 |
|
|
|a LX
|
| 958 |
|
|
|a NX
|
| 992 |
|
|
|a RBX
|
| 999 |
|
|
|c 2843516
|d 2845446
|